| 000 | 00445nam a2200169Ia 4500 | ||
|---|---|---|---|
| 008 | 210210b1993 xxu||||| |||| 00| 0 eng d | ||
| 082 | _a030 GREA | ||
| 100 | _aGreat books | ||
| 245 | _aGreat books of western world.60V. V8-Aristotle II. | ||
| 250 | _a | ||
| 260 |
_aChicago. _bEncyclopaedia Britanica, Inc, William Benton., _c1993 |
||
| 300 | _a699 | ||
| 440 | _a8 | ||
| 650 | _aAristotle II | ||
| 690 | _aEncyclopaedia | ||
| 906 | _a049147 | ||
| 999 |
_c98265 _d98265 |
||